La gran Gilly Hopkins / (Registro nro. 8826)

Detalles MARC
000 -LIDER
fixed length control field 00732nam a22002537a 4500
001 - NÚMERO DE CONTROL
Identificador de número de control 68697
003 - IDENTIFICACDOR DE NÚMERO DE CONTROL
control field DO-SdBNP
005 - DATE AND TIME OF LATEST TRANSACTION
control field 20180126123745.0
007 - CAMPOS FIJOS DE DESCRIPCIÓN FÍSICA
fixed length control field 68697
008 - ELEMENTOS DE LONGITUD FIJA
fixed length control field 981203s1998 sp | ||| ||spa
016 7# - NO. DE CONTROL DE LA AGENCIA BIB. NACIONAL
Source BPMSU
020 ## - ISBN
International Standard Book Number 8420447897
040 ## - FUENTE DE CATALOGACIÓN
Agencia que crea de manera original el registro BPMSU
Idioma de catalogación spa
Agencia que realiza la transcripción BPMSU
100 1# - ASIENTO PRINCIPAL -- NOMBRE PERSONAL
Nombre personal Paterson, Katherine
240 14 - TITULO UNIFORME
Título uniforme The great Gilly Hopkins
Idioma de una obra Español
245 13 - MENCIÓN DE TITULO
Título La gran Gilly Hopkins /
Mención de responsabilidad Katherine Paterson ; traducción de Alonso Carnicer McDermott
260 ## - PUBLICACIÓN, DISTRIBUCIÓN, ETC. (PIE DE IMPRENTA)
Lugar de publicación, distribución, etc Madrid :
Nombre del editor, distribuidor, etc. Alfaguara,
Fecha de publicación, distribución, etc 1998
300 ## - DESCRIPCIÓN FÍSICA
Extensión 152 p.:
Dimensiones 20 cm.
490 ## - MENCIÓN DE SERIES
Mención de serie Biblioteca juvenil
830 ## - ASIENTO SECUNDARIO DE SERIE--TÍTULO UNIFORME
Nombre de la parte o sección de una obra Biblioteca juvenil
Volume number/sequential designation 41
942 ## - ADDED ENTRY ELEMENTS (KOHA)
Source of classification or shelving scheme Dewey Decimal Classification
Koha item type Libros
945 ## - INFORMACIÓN DE PROCESAMIENTO LOCAL
Información de procesamiento local Inventariado, 2018/MFF
956 ## - LOCAL ELECTRONIC LOCATION AND ACCESS (OCLC)
Nombre de host VMATEO
Método de acceso 10
Materiales especificados 20151119
Enlace BPMSU
Campo enlazado y núm. de secuencia 00151
Existencias
Withdrawn status Lost status Source of classification or shelving scheme Damaged status Not for loan Collection code Home library Current library Date acquired Source of acquisition Total Checkouts Barcode Date last seen Price effective from Koha item type
    Dewey Decimal Classification       Biblioteca Pública Metropolitana Salomé Ureña Biblioteca Pública Metropolitana Salomé Ureña 11/19/2015 FUNDI   BPMET15110398 11/19/2015 11/19/2015 Libros